00548nam a2200169Ia 4500001001000000003000500010008004100015010001100056040000900067082002000076100001800096245007400114300000900188440001500197500010800212650005800320Para_8243CHAP220125s9999 xx 000 0 und d a207155 cCHAP aPA-C 595.752 A6 aWilson, H. F. aNotes on lachnus caryae, Harris, under a new name /c by H.F. Wilson a3 p. aAphidae; 6 aSobretiro de: The Canadian Entomologist. Nov.: 385-387, 1909. Encuadernado con otros impresos similares ax Afididos x Colecciones de escritos x Longistigma